000 00500nam a2200169Ia 4500
008 090711s9999 xx 000 0 und d
082 _b56260
100 _aइनामदार अलका
245 _aमातgकर्तव्ये
260 _c1979
300 _a175
600 _aइनामदार अलका
630 _aमातgकर्तव्ये
700 _aइनामदार अलका
730 _aमातgकर्तव्ये
942 _cBOOK
999 _c312253
_d312253